ARRUPE JESUIT UNIVERSITY

CORONAVIRUS -STOP THE SPREAD - CLEAN,DISINFECT,COVER

Calculus / (Record no. 131187)

MARC details
000 -LEADER
fixed length control field 01072cam a2200337 a 4500
001 - CONTROL NUMBER
control field 4509826
003 - CONTROL NUMBER IDENTIFIER
control field ARRUPE
005 - DATE AND TIME OF LATEST TRANSACTION
control field 20220401091251.0
008 - FIXED-LENGTH DATA ELEMENTS--GENERAL INFORMATION
fixed length control field 980722s1997 ilua 001 0 eng d
010 ## - LIBRARY OF CONGRESS CONTROL NUMBER
LC control number 98065233
020 ## - INTERNATIONAL STANDARD BOOK NUMBER
International Standard Book Number 0844200417
035 ## - SYSTEM CONTROL NUMBER
System control number (OCoLC)39656541
040 ## - CATALOGING SOURCE
Original cataloging agency AzM
Transcribing agency AzM
Modifying agency DLC
042 ## - AUTHENTICATION CODE
Authentication code lccopycat
050 00 - LIBRARY OF CONGRESS CALL NUMBER
Classification number QA303
Item number .A28 1997
082 00 - DEWEY DECIMAL CLASSIFICATION NUMBER
Classification number 515
Edition number 21
300 ## - PHYSICAL DESCRIPTION
Other physical details ill. ;
Dimensions 20 cm.
100 1# - MAIN ENTRY--PERSONAL NAME
Personal name Abbott, Paul
Titles and other words associated with a name (Mathematics teacher)
9 (RLIN) 51102
245 10 - TITLE STATEMENT
Title Calculus /
Statement of responsibility, etc P. Abbott.
246 18 - VARYING FORM OF TITLE
Title proper/short title Teach yourself calculus
250 ## - EDITION STATEMENT
Edition statement Rev. /
Remainder of edition statement by Hugh Neill.
260 ## - PUBLICATION, DISTRIBUTION, ETC. (IMPRINT)
Place of publication, distribution, etc Lincolnwood, Ill. :
Name of publisher, distributor, etc NTC/Contemporary Pub.,
Date of publication, distribution, etc 1997.
300 ## - PHYSICAL DESCRIPTION
Extent 346 p. :
490 1# - SERIES STATEMENT
Series statement Teach yourself
500 ## - GENERAL NOTE
General note Includes index.
650 #0 - SUBJECT ADDED ENTRY--TOPICAL TERM
Topical term or geographic name as entry element Calculus.
9 (RLIN) 8518
700 1# - ADDED ENTRY--PERSONAL NAME
Personal name Neill, Hugh.
9 (RLIN) 51103
830 #0 - SERIES ADDED ENTRY--UNIFORM TITLE
Uniform title Teach yourself books (Lincolnwood, Ill.)
9 (RLIN) 51104
906 ## - LOCAL DATA ELEMENT F, LDF (RLIN)
a 7
b cbc
c copycat
d 2
e opcn
f 19
g y-gencatlg
942 ## - ADDED ENTRY ELEMENTS (KOHA)
Source of classification or shelving scheme Library of Congress Classification
Koha item type Monograph ( Printed materials)
Holdings
Withdrawn status Lost status Source of classification or shelving scheme Damaged status Not for loan Collection code Home library Current library Shelving location Date acquired Total Checkouts Full call number Barcode Date last seen Price effective from Koha item type
    Library of Congress Classification     Main Collection ARRUPE LIBRARY ARRUPE LIBRARY Main Collection 01/04/2022   QA303 .A28 1997 46600008247 01/04/2022 01/04/2022 Monograph ( Printed materials)

 

Arrupe Library. PO Box MP320 Mt Pleasant, Harare, Zimbabwe
263 242 745411|librarian@aju.ac.zw